Vista normal Vista MARC

Entrada Personal Name

Número de registros utilizados en: 1

001 - CONTROL NUMBER

  • control field: 39746

003 - CONTROL NUMBER IDENTIFIER

  • control field: OSt

005 - DATE AND TIME OF LATEST TRANSACTION

  • control field: 20210826161120.0

008 - FIXED-LENGTH DATA ELEMENTS

  • fixed length control field: 210826|| aca||aabn | a|a d

040 ## - CATALOGING SOURCE

  • Original cataloging agency: OSt
  • Transcribing agency: OSt

100 ## - HEADING--PERSONAL NAME

  • Personal name: Byerlee, Derek

670 ## - SOURCE DATA FOUND

  • Source citation: Work cat.: (OSt)7935: Echeverría, Rubén G., 15863 autor, Cambio institucional y alternativas de financiación de la investigación agropecuaria en América Latina / , 1996